000 00504nam a2200145 4500
999 _c10628
_d10628
008 180911b ||||| |||| 00| 0 eng d
022 _a2094-8042
082 _aDPer 370.105 M72 Jan-Dec 2011 v59-60
100 _931066
_aDulguime-Sapuras, Isabelita Nicolas
245 _aWikang filipino/
_cIsabelita Nicolas Dulguime-Sapuras.
260 _aPhilippines:
_bIn the Grade School, Inc.,
_cc2011.
300 _av60 n3, page 123;
_c27cm.
650 0 _931067
_aPoetry
_xPhilippine language.
942 _2ddc
_cPER